000 00689nam a2200193 a 4500
001 000015725
005 20240307073946.0
008 100217s1986 dr ac 000 0 spa d
040 _aDO-SdBNP
_bspa
_cBNPHU
082 _axxx
_bV297p
100 1 _aVargas, José Rafael
_921851
245 1 4 _aLos políticos y el futuro dominicano /
_cJosé Rafael Vargas.
260 _aSanto Domingo :
_bUASD,
_c1986.
300 _a32 p. :
_bil. ; retrs. ;
_c21 cm.
490 1 _aPublicaciones de la Universidad Autónoma de Santo Domingo
_v462
710 1 _aUniversidad Autónoma de Santo Domingo
_972951
830 0 _aPublicaciones de la Universidad Autónoma de Santo Domingo
_n462
_935389
049 _aBNPD
999 _c15275
_d15275